• 首页
  • 本馆介绍
  • 公告通知
  • 最新文献
  • 馆藏检索
  • 电子资源
  • 读者导购
  • 参考咨询
  • 我的图书馆
  • 登录
  • 详细信息显示
  • 放入我的书架
  • 预约/预借图书
  • 作者相关作品
  • 分类相关作品
  • 丛书相关作品
  • 出版社相关作品

书目信息

  • 表格格式
  • 工作单格式
  • 卡片格式
题名:
苹果整形修剪图解
    
 
作者: ;大寨农学院 编
分册:  
出版信息: 上海   上海科学技术出版社  1979
页数: 182页
开本: 19cm
丛书名:
单 册:
中图分类: S661.105-64
科图分类:
主题词: 果树-修剪--图解 , 修剪-果树--图解
电子资源:
ISBN:
000 00667nam0 2200241 45
001 0179004555
005 20060818164909.23
010    @d¥0.40
091    @aCN@b16119.646
100    @a19950802d1979 em y0chiy0121 ea
101 0  @achi
102    @aCN@b310000
105    @aa z 000yy
200 10 @a苹果整形修剪图解@Aping guo zheng xing xiu jian tu jie@f大寨农学院编
205    @a新1版
210    @a上海@c上海科学技术出版社@d1979
215    @a182页@d19cm
606    @a果树-修剪@x图解
606    @a修剪-果树@x图解
690    @aS661.105-64@v3
711 02 @a大寨农学院@Ada zhai nong xue yuan@4编
801  0 @aCN@bTSSF@c20060818
905    @a10447@dS661.105-64@e127
    
    苹果整形修剪图解/大寨农学院编.-新1版.-上海:上海科学技术出版社,1979
    182页;19cm
    
    
    ISBN :¥0.40
    
●
相关链接 在E读中查询图书 在五车中查询图书 在当当中查询图书 在豆瓣中查询图书


正题名:苹果整形修剪图解     索取号:S661.105-64/127         预约/预借

序号 登录号 条形码 馆藏地/架位号 状态 备注
1 0458847   204588473   密集书库/ [索取号:S661.105-64/127] 在馆    
2 0458848   204588482   密集书库/ [索取号:S661.105-64/127] 在馆    
唐山师范学院图书馆 欢迎您!
大连网信软件有限公司© 版权所有